000 00307nam a2200097Ia 4500
005 20250424112835.0
008 250424s9999 xx 000 0 und d
300 _avi, 156 p. :ill. ; 26 cm.
650 _aPublic administration--Nigeria--Periodicals. Nigeria--Politics and government--Periodicals.
942 _cSR
999 _c37439
_d37439